000 00384cam a2200145ua 4500
003 OSt
008 250101b |||||||| |||| 00| 0 eng d
041 _aeng
082 _a621.367
_bNAG/TH
100 _aNag, Pritvish .
_96679
245 0 0 _aThematic cartography and remote sensing /
260 _aNew Delhi :
_bConcept Publishing Company ,
_c2002.
300 _a268 ; .
942 _cBK
999 _c13152
_d13152